The heart attack recorery handbook : sound advance sensible information and simple answers for recorery

Bibliographic Details
Main Author: Wolinskey, Harrey
Format: Book
Published: Melbourne : Schwartz and Wilkinson
Subjects:

MARC

LEADER 00000cam a2200000 7i4500
001 0000005086
002 000005487
005 20090429.0
020 |a 1863370102 
090 0 0 |a 616.12   |b WOL 
100 1 |a Wolinskey, Harrey 
245 1 0 |a The heart attack recorery handbook :   |b sound advance sensible information and simple answers for recorery   |c by Harvey wolinsky and Gary Farguzan 
260 |a Melbourne :   |b Schwartz and Wilkinson 
300 |a 168p. ;   |c 19cm. 
650 0 0 |a Heart   |x Infarcation   |x Heart   |x Patients   |x Rehabihitation   |x Coronary heart disease 
999 |a 030947   |b BUKU   |c PINJAMAN   |e PERPUSTAKAAN KOMUNITI PETALING JAYA 
999 |a 030948   |b BUKU   |c PINJAMAN   |e PERPUSTAKAAN KOMUNITI PETALING JAYA